| 000 -LEADER |
| fixed length control field |
00652nam a22001697a 4500 |
| 020 ## - INTERNATIONAL STANDARD BOOK NUMBER |
| ISBN |
9781350146594 |
| 082 ## - DEWEY DECIMAL CLASSIFICATION NUMBER |
| Classification number |
808.02 |
| Item number |
P188 2024 |
| 100 ## - MAIN ENTRY--AUTHOR NAME |
| Personal name |
Paltridge, Brian, author. |
| 245 ## - TITLE STATEMENT |
| Title |
Change and stability in thesis and dissertation writing : the evolution of an academic genre / Brian Paltridge and Sue Starfield. |
| 260 ## - PUBLICATION, DISTRIBUTION, ETC. (IMPRINT) |
| Place of publication |
London, UK ; New York, NY : |
| Name of publisher |
Bloomsbury Academic, |
| Year of publication |
2024. |
| 300 ## - PHYSICAL DESCRIPTION |
| Number of Pages |
1 online resource, viii, 286 pages : |
| Other physical details |
illustrations. |
| 500 ## - GENERAL NOTE |
| General note |
Includes bibliographical references and index |
| 650 ## - SUBJECT ADDED ENTRY--TOPICAL TERM |
| Topical Term |
Dissertation, Academic, |
| 650 ## - SUBJECT ADDED ENTRY--TOPICAL TERM |
| Topical Term |
Academic Writing, |
| 700 ## - ADDED ENTRY--PERSONAL NAME |
| Personal name |
Starfield, Sue, author. |
| 942 ## - ADDED ENTRY ELEMENTS (KOHA) |
| Koha item type |
Electronic Books |